常州市地图 Changzhou Map Quiz - Statistics

General Stats
  • This quiz has been taken 40 times
  • The average score is 5 of 6
Answers on the Map
Answers color-coded by a green-red scale on the quiz's map according to % correct below.
 
Answer Stats
Answer % Correct
武进区
100%
溧阳市
86%
金坛区
84%
新北区
76%
天宁区
76%
钟楼区
70%
No matching quizzes found
Score Distribution
Percent of People with Each Score
Percentile by Number Answered
Your Score History
You have not taken this quiz